Galileo en Roma (Record no. 66738)

MARC details
000 -LEADER
campo de control de longitud fija 00811nam a2200253 i 4500
001 - NÚMERO DE CONTROL
campo de control 66738
003 - IDENTIFICADOR DE NÚMERO DE CONTROL
campo de control ES-MaACL
005 - FECHA Y HORA DE LA ÚLTIMA TRANSACCIÓN
campo de control 20250813015457.0
007 - CAMPO FIJO DE DESCRIPCIÓN FÍSICA--INFORMACIÓN GENERAL
campo de control de longitud fija t|
008 - DATOS DE LONGITUD FIJA--INFORMACIÓN GENERAL
campo de control de longitud fija 040325s2003 sp ||||1| spa d
020 ## - NÚMERO INTERNACIONAL ESTÁNDAR DEL LIBRO
Número Internacional Estándar del Libro 84-7490-676-8
080 ## - NÚMERO DE LA CLASIFICACIÓN DECIMAL UNIVERSAL
Número de la Clasificación Decimal Universal 1Galilei, Galileo
100 1# - ENTRADA PRINCIPAL--NOMBRE DE PERSONA
Nombre de persona Shea, William R.
9 (RLIN) 106039
245 10 - MENCIÓN DEL TÍTULO
Título Galileo en Roma
Resto del título : crónica de 500 días /
Mención de responsabilidad, etc. William R. Shea, Mariano Artigas.
260 ## - PUBLICACIÓN, DISTRIBUCIÓN, ETC.
Lugar de publicación, distribución, etc. Madrid :
Nombre del editor, distribuidor, etc. Encuentro,
Fecha de publicación, distribución, etc. [2003]
300 ## - DESCRIPCIÓN FÍSICA
Extensión 238, [16] p. de lám. :
Otras características físicas fot. ;
Dimensiones 23 cm.
490 1# - MENCIÓN DE SERIE
Mención de serie Ensayos. Historia ;
Designación de volumen o secuencia 212
504 ## - NOTA DE BIBLIOGRAFÍA, ETC.
Nota de bibliografía, etc. Bibliografía p. 225-226. Indice.
600 14 - PUNTO DE ACCESO ADICIONAL DE MATERIA--NOMBRE DE PERSONA
Nombre de persona Galilei, Galileo,
Fechas asociadas al nombre 1564-1642
9 (RLIN) 53419
700 1# - ENTRADA AGREGADA--NOMBRE PERSONAL
Nombre de persona Artigas, Mariano.
9 (RLIN) 23467
830 0# - PUNTO DE ACCESO ADICIONAL DE SERIE-TÍTULO UNIFORME
Título uniforme Ensayos. Historia ;
Designación de volumen o secuencia 212
9 (RLIN) 224368
852 ## - LOCALIZACIÓN
Ubicación ES-MaACL
Número de control de estantería L-27223
Sublocalización o colección R.132860
Holdings
Estatus retirado Estado de pérdida Estado de daño No para préstamo Biblioteca de origen Biblioteca actual Ubicación en estantería Fecha de adquisición Fuente de adquisición Total de préstamos Signatura topográfica completa Código de barras Visto por última vez Precio de reemplazo Tipo de ítem Koha
        Biblioteca del Ateneo de Madrid Biblioteca del Ateneo de Madrid Depósito 2 17/01/2008     L-27223 1069904 23/02/2023 23/02/2023 Libro impreso